01370cam a2200289 i 4500003000900000005001700009007000300026008004100029020001800070040003000088082001300118100006800131240002700199245008000226250002000306264004100326300002600367336002700393337003400420338002800454490002700482500022300509500003900732504002800771520023600799700004501035DO-SdBNP20231013094243.0ta751003s2016 sp 000 0 spa d a9788437604909 aDO-SdBNPbspacBNPHUerda 4bH9882221 aHuysmans, Joris Karld1848-1907qCharles Marie Georges Huysmans10aA rebours /lespañol10aA contrapelo /cJoris-Karl Huysmans ; edición y traducción Juan Herrero a8va. edición  1aMadrid, España :bCatedra, c2016. a368 páginasc19 cm. 2rdacontentatextobtxt 2rdamediaasin mediación bn 2rdacarrieravolumenbnc1 aLetras universalesv17 aJoris-Karl Huysmans (1848-1907), nacido en París fue primer seguidor de Zola, para luego entrar en la corriente espiritual, decadente y refinada, en la que brilló también Villiers de I´Isle-Adam, su gram amigo.  aIncluye notas a pie de páginas.  aBibliografía p: 89-91 aA contrapelo es la gran novela de la ruptura con un naturalismo ya exhausto. Es la novela de la nueva sensibilidad estética, inconformista, encarnada en su protagonista, el exquisito y rebelde duque Jean Floressas Des Esseintes. 1 aHerrero, Juaneedición y traducción